Guess these Disney songs - Statistics

General Stats
  • This quiz has been taken 133 times
  • The average score is 8 of 15
Answer Stats
Hint Answer % Correct
The snow glows white on the mountain tonight... Let it go
97%
The tide, the grass, the ground, ah that was Maui just messing around.. You're welcome
70%
Tie a napkin 'round your neck, cherie.. Be our guest
69%
A seven-foot frame, rats along his back, when he calls your name.. We don't talk about Bruno
66%
The seaweed is always greener, in somebody else's lake.. Under the sea
63%
I'll add a few new paintings to my gallery.. When will my life begin
62%
Mister Aladdin sir, what will your pleasure be.. Friend like me
60%
Let's get down to business, to defeat the Huns.. I'll make a man out of you
60%
Where should I put my shoes (ay mi amor, ay mi amor) you say put them on your head.. Un poco loco
56%
I remember daddy told me, fairytales can come true.. Almost there
43%
I met this girl who rocked my world like its never been rocked... Did I mention
37%
Who am I, if I'm not your guy. Where I am if we're not together.. forever... Lost in the woods
30%
Wherever I wander, wherever I roam. I couldn't be fonder of my big home.. Bare Necessities
18%
Beyond the shore, where the gulls fly free. Don't know what for.. Just around the riverbend
17%
We stick together, we can see it through... You've got a friend in me
17%
No matching quizzes found
Score Distribution
Percent of People with Each Score
Percentile by Number Answered
Your Score History
You have not taken this quiz